[Event "Treviso op-B 1st"]
[Site "Treviso"]
[Date "2017.03.19"]
[Round "4.2"]
[White "Benetti, Lorenzo"]
[Black "Canali, Andrea"]
[Result "1-0"]
[WhiteElo "1931"]
[BlackElo "1911"]
[PlyCount "111"]
[EventDate "2017.03.17"]
[EventType "swiss"]
[EventRounds "5"]
[EventCountry "ITA"]
[SourceTitle "EXT 2024"]
[Source "ChessBase"]
[SourceDate "2023.10.10"]
[SourceVersion "1"]
[SourceVersionDate "2023.10.10"]
[SourceQuality "1"]

1. e4 e6 2. d4 d5 3. exd5 exd5 4. Bd3 Nc6 5. c3 Bd6 6. Nf3 Nge7 7. 0-0 Bg4 8. Re1 Qd7 9. Be3 0-0 10. Nbd2 f6 11. Qc2 Bf5 12. Nb3 Bxd3 13. Qxd3 Qf5 14. Qd1 g5 15. Nfd2 h6 16. Nf1 Qg6 17. f3 h5 18. Qb1 Kg7 19. Qxg6+ Kxg6 20. Bf2 Nf5 21. Nc1 Rfe8 22. Nd3 a5 23. a4 Rab8 24. Ng3 Nxg3 25. Bxg3 Bxg3 26. hxg3 Kf7 27. Rxe8 Rxe8 28. Kf2 Kg6 29. Ne1 Ne7 30. Nc2 Nf5 31. Rb1 Nd6 32. Ne3 c6 33. b4 b5 34. Ra1 axb4 35. cxb4 bxa4 36. Rxa4 Nb5 37. Ra6 Nxd4 38. b5 Nf5 39. Nxf5 Kxf5 40. Rxc6 Rb8 41. b6 Ke5 42. Ke3 Rb7 43. Kd3 h4 44. f4+ gxf4 45. gxh4 Kf5 46. Kd4 Kg4 47. Rxf6 Kxh4 48. Kxd5 Kg3 49. Rg6+ Kf2 50. Kc6 Rf7 51. b7 Rf8 52. Kc7 Rf7+ 53. Kb6 Rf8 54. Ka7 Rf5 55. b8Q Ra5+ 56. Ra6 1-0

[Event "Treviso op-B 1st"]
[Site "Treviso"]
[Date "2017.03.18"]
[Round "3.3"]
[White "Spada, Angelo"]
[Black "Benetti, Lorenzo"]
[Result "0-1"]
[WhiteElo "1938"]
[BlackElo "1931"]
[PlyCount "106"]
[EventDate "2017.03.17"]
[EventType "swiss"]
[EventRounds "5"]
[EventCountry "ITA"]
[SourceTitle "EXT 2024"]
[Source "ChessBase"]
[SourceDate "2023.10.10"]
[SourceVersion "1"]
[SourceVersionDate "2023.10.10"]
[SourceQuality "1"]

1. d4 Nf6 2. e3 g6 3. Nf3 Bg7 4. c4 0-0 5. Nc3 c5 6. Be2 Na6 7. 0-0 d6 8. d5 Bg4 9. Nd2 Bxe2 10. Qxe2 Nd7 11. f4 Nb4 12. Nf3 e6 13. a3 Na6 14. Nb5 Nb6 15. dxe6 fxe6 16. Ng5 Re8 17. Rd1 d5 18. cxd5 exd5 19. a4 Nb4 20. Bd2 Nc2 21. Rac1 d4 22. a5 d3 23. Qf1 Nd5 24. Qxd3 Ndxe3 25. Nd6 c4 26. Qe2 Nd4 27. Qe1 Nxd1 28. Nxe8 Qxe8 29. Rxd1 Rd8 30. Qxe8+ Rxe8 31. Kf1 h6 32. Nh3 Nb3 33. Bc3 Bxc3 34. bxc3 Nxa5 35. Rd6 Kf7 36. Rd5 Nb3 37. f5 g5 38. g4 Re3 39. Nf2 a5 40. Nd1 Re4 41. h3 a4 42. Nf2 Re3 43. Rb5 a3 44. Rxb7+ Re7 45. Rb4 Ra7 46. Ne4 a2 47. Nd6+ Kf6 48. Nxc4 a1Q+ 49. Kf2 Ra2+ 50. Kf3 Qxc3+ 51. Ne3 Nd2+ 52. Ke2 Nc4+ 53. Kd1 Qd2# 0-1

[Event "Olbia CIG U16 24th"]
[Site "Olbia"]
[Date "2016.07.01"]
[Round "8"]
[White "Benetti, Lorenzo"]
[Black "Carla, Christian"]
[Result "1-0"]
[WhiteElo "2055"]
[BlackElo "1545"]
[PlyCount "99"]
[EventDate "2016.06.26"]
[EventType "swiss"]
[EventRounds "9"]
[EventCountry "ITA"]
[SourceTitle "EXT 2024"]
[Source "ChessBase"]
[SourceDate "2023.10.10"]
[SourceVersion "1"]
[SourceVersionDate "2023.10.10"]
[SourceQuality "1"]

1. d4 Nf6 2. c4 c5 3. d5 b5 4. cxb5 a6 5. bxa6 g6 6. Nc3 Bg7 7. e4 0-0 8. Nf3 Qa5 9. Bd2 Bxa6 10. Bxa6 Qxa6 11. Qe2 d6 12. a3 Nbd7 13. Qxa6 Rxa6 14. Kd1 Ng4 15. Rf1 Rb8 16. Kc2 Nde5 17. Nxe5 Nxe5 18. b3 Rba8 19. f4 Nd7 20. a4 Nb6 21. Kd3 c4+ 22. bxc4 Nxa4 23. Rxa4 Rxa4 24. Nxa4 Rxa4 25. Rc1 Ra3+ 26. Bc3 Bxc3 27. Rxc3 Ra2 28. Rc2 Ra3+ 29. Kd4 Ra4 30. Rb2 f6 31. Re2 Kf7 32. g4 h6 33. h4 Ra3 34. e5 f5 35. exd6 exd6 36. gxf5 gxf5 37. Re6 Rf3 38. Rxd6 Rxf4+ 39. Ke5 Rxc4 40. Rxh6 Kg7 41. Rh5 Kg6 42. Rg5+ Kh6 43. Rxf5 Rxh4 44. d6 Rh1 45. Rf2 Re1+ 46. Kf6 Kh7 47. Kf7 Kh6 48. d7 Rd1 49. Ke7 Re1+ 50. Kf6 1-0

[Event "Olbia CIG U16 24th"]
[Site "Olbia"]
[Date "2016.06.29"]
[Round "5"]
[White "Carnicelli, Valerio"]
[Black "Benetti, Lorenzo"]
[Result "1-0"]
[WhiteElo "2256"]
[BlackElo "2055"]
[PlyCount "71"]
[EventDate "2016.06.26"]
[EventType "swiss"]
[EventRounds "9"]
[EventCountry "ITA"]
[SourceTitle "EXT 2024"]
[Source "ChessBase"]
[SourceDate "2023.10.10"]
[SourceVersion "1"]
[SourceVersionDate "2023.10.10"]
[SourceQuality "1"]

1. e4 d6 2. d4 Nf6 3. Nc3 g6 4. f3 c6 5. Be3 b5 6. Qd2 a6 7. Bd3 Nbd7 8. Nce2 Bb7 9. g4 Qc7 10. Rc1 Nb6 11. h4 h5 12. g5 Nfd7 13. Ng3 e5 14. c3 Bg7 15. N1e2 c5 16. 0-0 0-0 17. f4 Rfe8 18. f5 c4 19. Bb1 Kh7 20. d5 Nc5 21. Rf2 Bc8 22. Rcf1 Nba4 23. Nc1 Ra7 24. Qd1 Qd7 25. Rg2 Rh8 26. Nxh5 gxh5 27. Qxh5+ Kg8 28. Qg4 Rb7 29. a3 Qe8 30. h5 a5 31. h6 Bf8 32. Qh5 Bg7 33. Rh2 b4 34. f6 Bxh6 35. gxh6 Kh7 36. Qg5 1-0

[Event "Chioggia op-A 10th"]
[Site "Chioggia"]
[Date "2015.10.10"]
[Round "3"]
[White "Gallo, Enrico"]
[Black "Benetti, Lorenzo"]
[Result "1-0"]
[WhiteElo "2022"]
[BlackElo "1848"]
[PlyCount "57"]
[EventDate "2015.10.09"]
[EventType "swiss"]
[EventRounds "5"]
[EventCountry "ITA"]
[SourceTitle "EXT 2022"]
[Source "ChessBase"]
[SourceDate "2021.10.06"]
[SourceVersion "1"]
[SourceVersionDate "2021.10.06"]
[SourceQuality "1"]

1. e4 d6 2. d4 Nf6 3. Nc3 g6 4. f4 Bg7 5. Nf3 c5 6. d5 0-0 7. Bd3 a6 8. a4 Bg4 9. 0-0 Nbd7 10. Qe1 Rc8 11. Qh4 Bxf3 12. Rxf3 c4 13. Bf1 b5 14. axb5 axb5 15. f5 b4 16. Nd1 c3 17. bxc3 bxc3 18. Nf2 Qb6 19. Kh1 Qd4 20. Be3 Qb4 21. Rc1 Nc5 22. Bxc5 Qxc5 23. Bd3 Qb4 24. Rg1 Nxd5 25. fxg6 hxg6 26. Ng4 Nf6 27. Nh6+ Bxh6 28. Qxh6 Ng4 29. Qh4 1-0

[Event "Padova op-A 17th"]
[Site "Padova"]
[Date "2014.12.15"]
[Round "2.30"]
[White "Benetti, Lorenzo"]
[Black "Redo, Giorgio"]
[Result "1-0"]
[WhiteElo "1854"]
[BlackElo "2084"]
[PlyCount "46"]
[EventDate "2014.12.14"]
[EventType "swiss"]
[EventRounds "9"]
[EventCountry "ITA"]
[SourceTitle "EXT 2024"]
[Source "ChessBase"]
[SourceDate "2023.10.10"]
[SourceVersion "1"]
[SourceVersionDate "2023.10.10"]
[SourceQuality "1"]

1. d4 c5 2. d5 e5 3. e4 d6 4. Nf3 Nf6 5. Nc3 Bg4 6. Be2 Be7 7. 0-0 0-0 8. h3 Bh5 9. Nd2 Bxe2 10. Qxe2 g6 11. Nc4 Nh5 12. Bh6 Re8 13. Kh2 a6 14. a4 b6 15. Rad1 Nd7 16. Bd2 Bf8 17. Ra1 Rb8 18. Ne3 Nf4 19. Qxa6 Qh4 20. Qc4 Nf6 21. Nb5 h5 22. f3 Bh6 23. Be1 Qg5 1-0

[Event "Venice Autumn op 20th"]
[Site "Venice"]
[Date "2014.11.02"]
[Round "4"]
[White "Benetti, Lorenzo"]
[Black "Pitzanti, Matteo"]
[Result "0-1"]
[WhiteElo "1968"]
[BlackElo "2145"]
[PlyCount "69"]
[EventDate "2014.10.31"]
[EventType "swiss"]
[EventRounds "5"]
[EventCountry "ITA"]
[SourceTitle "EXT 2015"]
[Source "ChessBase"]
[SourceDate "2014.11.20"]
[SourceVersion "1"]
[SourceVersionDate "2014.11.20"]
[SourceQuality "1"]

1. d4 d5 2. c4 dxc4 3. e3 Nf6 4. Bxc4 a6 5. Nf3 e6 6. 0-0 b5 7. Be2 Bb7 8. Nbd2 Be7 9. Ne5 Nbd7 10. Nd3 c5 11. dxc5 Nxc5 12. Nxc5 Bxc5 13. a3 0-0 14. b4 Bb6 15. Bb2 Nd5 16. Nb3 Qg5 17. e4 Nf4 18. Bf3 Nh3+ 19. Kh1 Nxf2+ 20. Rxf2 Bxf2 21. Na5 Rab8 22. Qc2 Bb6 23. Nxb7 Rxb7 24. Rd1 Rc7 25. Qd3 Rcc8 26. Qb3 Rfd8 27. e5 Rxd1+ 28. Qxd1 Qe3 29. Bb7 Rd8 30. Qf1 Qd2 31. Bxa6 Qxb2 32. Bxb5 Qxa3 33. Be2 Qxb4 34. Bh5 g6 35. Be2 0-1

[Event "Venice Autumn op 20th"]
[Site "Venice"]
[Date "2014.10.31"]
[Round "1"]
[White "Benetti, Lorenzo"]
[Black "Bianchi, Andrea"]
[Result "1/2-1/2"]
[WhiteElo "1968"]
[BlackElo "2147"]
[PlyCount "63"]
[EventDate "2014.10.31"]
[EventType "swiss"]
[EventRounds "5"]
[EventCountry "ITA"]
[SourceTitle "EXT 2015"]
[Source "ChessBase"]
[SourceDate "2014.11.20"]
[SourceVersion "1"]
[SourceVersionDate "2014.11.20"]
[SourceQuality "1"]

1. d4 d5 2. c4 e6 3. Nc3 Be7 4. Nf3 Nf6 5. cxd5 exd5 6. Bg5 c6 7. e3 Bf5 8. Bd3 Bxd3 9. Qxd3 0-0 10. 0-0 Nbd7 11. Nd2 Re8 12. Rfe1 h6 13. Bh4 Ne4 14. Bxe7 Qxe7 15. Rad1 f5 16. Nb3 Qh4 17. Re2 Re6 18. f3 Nxc3 19. bxc3 Qh5 20. c4 b6 21. Rc1 Nf6 22. Rce1 Rae8 23. a4 R8e7 24. c5 Qe8 25. cxb6 axb6 26. a5 f4 27. axb6 Rxe3 28. Rxe3 fxe3 29. Nc5 e2 30. Kf2 Qb8 31. b7 Nd7 32. Nxd7 1/2-1/2

[Event "ITA-ch U14"]
[Site "Tarvisio"]
[Date "2014.07.03"]
[Round "7"]
[White "Benetti, Lorenzo"]
[Black "D'Avino, Gianfranco"]
[Result "1/2-1/2"]
[WhiteElo "1678"]
[BlackElo "1949"]
[PlyCount "115"]
[EventDate "2014.06.29"]
[EventType "swiss"]
[EventRounds "9"]
[EventCountry "ITA"]
[SourceTitle "EXT 2015"]
[Source "ChessBase"]
[SourceDate "2014.11.20"]
[SourceVersion "1"]
[SourceVersionDate "2014.11.20"]
[SourceQuality "1"]

1. d4 Nf6 2. Bg5 Ne4 3. Bf4 d5 4. e3 g6 5. Bd3 Nd6 6. Nf3 Bg7 7. Nc3 c6 8. Be5 f6 9. Bg3 0-0 10. 0-0 Bg4 11. h3 Bxf3 12. Qxf3 e5 13. dxe5 fxe5 14. Qd1 Qe7 15. e4 d4 16. Nb1 Nd7 17. f3 Nb6 18. b3 c5 19. Qe2 Rac8 20. c4 Nd7 21. Nd2 Bh6 22. Kh1 Nf6 23. Bh2 Nh5 24. Rfd1 Bf4 25. Nf1 Bxh2 26. Kxh2 Nf4 27. Qf2 Nxd3 28. Rxd3 Nxe4 29. Qe1 Nc3 30. Ng3 Rf4 31. Rxc3 dxc3 32. Qxc3 Qd6 33. Re1 Qd4 34. Qa5 Rf7 35. Qxa7 Qd6 36. Ne4 Qc7 37. Qa3 b6 38. Qb2 Rd8 39. Kh1 Rd4 40. Nc3 Qb8 41. Nb5 Rdd7 42. Nc3 Rd4 43. Nb5 Rfd7 44. Nxd4 exd4 45. Qd2 Qd6 46. Re4 Re7 47. Rxe7 Qxe7 48. Kg1 Qe5 49. Kf2 Kf7 50. Qe2 Qf4 51. Ke1 Qc1+ 52. Qd1 Qb2 53. Qd2 Qb1+ 54. Kf2 Qf5 55. Ke2 Qe6+ 56. Kf2 Qd6 57. g3 Kg8 58. Qd3 1/2-1/2

[Event "Cipressina op-A 2nd"]
[Site "Venice"]
[Date "2013.11.29"]
[Round "1"]
[White "Benetti, Lorenzo"]
[Black "Zamengo, Fulvio"]
[Result "0-1"]
[WhiteElo "1768"]
[BlackElo "2116"]
[PlyCount "58"]
[EventDate "2013.11.29"]
[EventType "swiss"]
[EventRounds "5"]
[EventCountry "ITA"]
[SourceTitle "EXT 2015"]
[Source "ChessBase"]
[SourceDate "2014.11.20"]
[SourceVersion "1"]
[SourceVersionDate "2014.11.20"]
[SourceQuality "1"]

1. e4 g6 2. Nf3 Bg7 3. d4 c6 4. c3 d5 5. e5 h5 6. Bd3 Nh6 7. Nbd2 Bf5 8. Bxf5 Nxf5 9. Qb3 b6 10. a4 0-0 11. 0-0 e6 12. a5 Nd7 13. Qa4 Rc8 14. b4 f6 15. exf6 Qxf6 16. Bb2 e5 17. axb6 axb6 18. dxe5 Nxe5 19. b5 c5 20. Kh1 c4 21. Nxe5 Qxe5 22. Qa6 Nh4 23. Qxb6 Qg5 24. Qe6+ Kh7 25. g3 Rce8 26. Qc6 Qxd2 27. Ba3 Rxf2 28. Rxf2 Qxf2 29. gxh4 Re2 0-1